| 000 | 00550nam a2200193Ia 4500 | ||
|---|---|---|---|
| 005 | 20250508160613.0 | ||
| 008 | 008 250505s9999 xx 000 0 eng d | ||
| 037 | _aTextual | ||
| 040 |
_aFEDL _beng _cFEDL |
||
| 041 |
_aeng _2eng |
||
| 084 |
_a141, RAO _qFEDL |
||
| 100 | _aRao K Ramakrishna | ||
| 245 | 0 | _aGandhi and pragmatism: An intercultural study | |
| 260 |
_aCalcutta, India _bOxford and IBH Publishing Co. _c1968 |
||
| 300 | _aiii,223p. | ||
| 650 | _aPhilosophy | ||
| 942 |
_cTEXL _h141, RAO |
||
| 999 |
_c1365574 _d1365574 |
||